Gaming Quiz

Random Gaming Quiz

Tales of Symphonia characters Quiz Stats

 Plays Quiz not verified by Sporcle

Challenge
Share
Tweet
Embed
Score 0/9 Timer 03:00
0 Plays Today
% Correct
Lloyd Irving
99.3%
Colette Brunel
99.3%
Sheena Fujibayashi
97.3%
Zelos Wilder
97.3%
Raine Sage
97.3%
Kratos Aurion
96.6%
Genis Sage
96%
Presea Combatir
92.6%
Regal Bryant
92.6%

You're not logged in!

Compare scores with friends on all Sporcle quizzes.
Join for Free
OR
Log In

You Might Also Like...

Show Comments

Extras

Top Quizzes Today


Score Distribution

Your Account Isn't Verified!

In order to create a playlist on Sporcle, you need to verify the email address you used during registration. Go to your Sporcle Settings to finish the process.

Report this User

Report this user for behavior that violates our Community Guidelines.

Details: